000 00316nam a2200121Ia 4500
008 240731s9999 xx 000 0 und d
022 _a2690-6023
245 0 _aJournal of First-generation Student Success
260 _bRoutledge
856 _uhttps://www.tandfonline.com/loi/ufgs20
942 _2ddc
942 _cTFEJ
999 _c77731
_d77731
945 _a1
_bMadushi Gamage
_c1
_dMadushi Gamage